000 02274cam a22005294i 4500
003 PE-LiUPU
005 20250731173327.0
008 150625s2007 nyu r 000 0 spa d
020 _a9781602550889
035 _a(Sirsi) i9781602550889
035 _a(Sirsi) i9781602550889
040 _aPE-LiUPU
_bspa
_cPE-LiUPU
_erda
049 _aPRUA
082 0 4 _a248.422
_bO83
_221
100 1 _aOsteen, Joel,
_eautor.
245 1 0 _aLo mejor de ti :
_b7 pasos para mejorar tu vida diaria /
_cJoel Osteen.
264 1 _aNew York :
_bGrupo Nelson,
_c2007.
300 _a377 páginas ;
_c23 centímetros
336 _atext
_2rdacontent
337 _aunmediated
_2rdamedia
338 _avolume
_2rdacarrier
505 0 _aSigue avanzando -- Sé positivo con respecto a ti mismo -- Fomenta mejores relaciones -- Desarrolla mejores hábitos -- Abraza el lugar en que te encuentras -- Desarrolla tu vida interior -- Mantén tu pasión por la vida.
526 _aSEG42
526 _aSEG41
526 _aSEG40
526 _aSEG39
526 _aP94
526 _aP87
526 _aP86
526 _aP85
526 _aP77
526 _aP76
526 _aP35
541 _g001-0000499;
541 _g001-001317;
650 0 4 _aAutorealización (Psicología)
_xCristianismo.
650 0 4 _aCristianismo
_xSatisfacción personal.
650 0 4 _aVida cristiana.
910 _bjv
_clch
_d20081027
942 _2ddc
_cBOOK
949 _a248.422 O83
_wDEWEY
_c1
_i58677
_lCCODEBUL1
_mBUL
_p12.00
_r0
_sY
_tBOOK
_u2015-6-25
_xTEOLOGIA
_zUNKNOWN
_0COMPRA
_o.STAFF. Colección General
949 _a248.422 O83
_wDEWEY
_c2
_i62469
_lCCODEBUL1
_mBUL
_p15.00
_r0
_sY
_tBOOK
_u2015-6-25
_xTEOLOGIA
_PP35
_0COMPRA
_o.STAFF. Colección General
994 _aC0
_bPEPRU
596 _a1
999 _a248.422 O83
_wDEWEY
_c47558
_i58677
_lLOST
_mBUL
_p12.00
_r1
_sY
_tBOOK
_u2015-6-25
_xTEOLOGIA
_zUNKNOWN
_0COMPRA
_o.STAFF. Colección General
_d47558
999 _a248.422 O83
_wDEWEY
_c2
_i62469
_d2019-1-25
_e2017-3-23
_f2021-11-11
_g5
_lCCODEBUL1
_mBUL
_n1
_p15.00
_q3
_r0
_sY
_tBOOK
_u2015-6-25
_xTEOLOGIA
_PP35
_0COMPRA
_o.STAFF. Colección Teología
980 _81
_gALBERTO SANCHEZ Responsable de Automatización